• 首页
  • 本馆介绍
  • 公告通知
  • 最新文献
  • 馆藏检索
  • 电子资源
  • 读者导购
  • 参考咨询
  • 我的图书馆
  • 登录
  • 详细信息显示
  • 放入我的书架
  • 预约/预借图书
  • 作者相关作品
  • 分类相关作品
  • 丛书相关作品
  • 出版社相关作品

书目信息

  • 表格格式
  • 工作单格式
  • 卡片格式
书名: Karen Brown’s California
作者:
分册号:
分册名: Country hotels & itineraries.
出版地: San Mateo, CA :
 
出版社: Travel Press
出版时间: c1994.
页数: 1 v. :
开本: 18 cm.
丛书名: Karen Brown’s country inn series
中图分类号:
科图分类号:
其他分类号: TU247.4
主题词:
电子资源:
000 01605cas a2200409 a 450
001 E0753476380
005 20070421145817.06
008 990406d19941994cauar 0 a0eng d
010    @a2003209417@z93029582
012    @a-3-7-0307210081-p-----
035    @a(OCoLC)ocm41112498
037    @c$14.95 (pbk.)
040    @aOCo@cOCo@dDLC
042    @alc
050 00 @aTX907.3.C2@bK37
090    @aTU247.4
099    @dTU247.4@ex2
245 00 @aKaren Brown’s California.@pCountry hotels & itineraries.
246 14 @aKaren Brown’s California.@pCountry inns & itineraries
246 3  @aCalifornia.@pCountry hotels and itineraries
260    @aSan Mateo, CA :@bTravel Press ;@aOld Saybrook, CT :@bGlobe Pequet Press [distributor],@cc1994.
300    @a1 v. :@bill., maps ;@c18 cm.
362 0  @a1994.
440  0 @aKaren Brown’s country inn series
500    @aWritten by: C. Brown, J. Brown, [and] K. Brown.
650  0 @aBed and breakfast accommodations@zCalifornia@vGuidebooks.
650  0 @aHotels@zCalifornia@vGuidebooks.
651  0 @aCalifornia@vGuidebooks.
700 1  @aBrown, Clare.
700 1  @aBrown, June,@d1949-
700 1  @aBrown, Karen,@d1956-
780 00 @tKaren Brown’s California. Country inns & itineraries@w(DLC)
785 00 @tKaren Brown’s California. Charming inns & itineraries@w(DLC) 2003209416@w(OCoLC)37145299
850    @aDLC
906    @a7@bcbc@cserials@d3@encip@f20@gn-oclcserc
925 0  @aAcquire@b1 shelf copy@xPolicy default 2003-07-03
955    @add00@idd77 2003-07-03 to Shelflist@edd94 2003-07-21@gdd94 2003-07-21 to BCCD
    
    Karen Brown’s California.. Country hotels & itineraries.-San Mateo, CA : : Travel Press ; ; Old Saybrook, CT : : Globe Pequet Press [distributor], , c1994.
    1 v. : : ill., maps ; ; 18 cm.- (Karen Brown’s country inn series )
    Written by: C. Brown, J. Brown, [and] K. Brown.
    
    ISBN
    
●
相关链接 在E读中查询图书 在五车中查询图书 在当当中查询图书 在豆瓣中查询图书


正题名:Karen Brown's California     索取号:TU247.4/x2         预约/预借

序号 登录号 条形码 馆藏地/架位号 状态 备注
1 004387   300043879   第二样本阅览室/ [索取号:TU247.4/x2] 在馆    
唐山师范学院图书馆 欢迎您!
大连网信软件有限公司© 版权所有